Veľká novela katastrálneho zákona

Najdôležitejšie zmeny v katastrálnom zákone.

Na minha lista:
Detalhes bibliográficos
Autor principal: Dráčová, Jana
Formato: Capítulo de Livro
Idioma:eslovaco
Assuntos:
Tags: Adicionar Tag
Sem tags, seja o primeiro a adicionar uma tag!

MARC

LEADER 00000naa a2200000 4500
001 0247777
005 20180919111850.8
041 0 |a slo 
044 |a SK 
245 1 0 |a Veľká novela katastrálneho zákona  |c Jana Dráčová 
520 |a Najdôležitejšie zmeny v katastrálnom zákone. 
610 2 0 |a zákony 
610 2 0 |a kataster nehnuteľností 
610 2 0 |a Slovensko 
610 2 0 |a novelizácia 
100 1 |a Dráčová, Jana